Characters in SIX! The musical (Pics) - Statistics

General Stats
  • This quiz has been taken 43 times
  • The average score is 5 of 6
Answer Stats
Picture Hint Answer % Correct
"No Way" Catherine Of Aragon
95%
"Don't Lose Ur Head" Anne Boleyn
88%
"Get Down" Anne Of Cleves
88%
"Heart of Stone" Jane Seymour
85%
"All You Wanna Do" Katherine Howard
83%
"I Don't Need Your Love" Catherine Parr
80%
No matching quizzes found
Score Distribution
Percent of People with Each Score
Percentile by Number Answered
Your Score History
You have not taken this quiz